000 00698nam a2200205 a 4500
001 000043948
005 20201002045047.0
008 140509s1991 sp 000 0 spa d
020 _a8479690674
040 _aDO-SdBNP
_bspa
_cBNPHU
082 _axxxx
_bxxxx
100 1 _aLondon, Jack,
_d1876-1916.
_933180
245 1 0 _aDiablo /
_cJack London ; traductora Jacinta Romano.
260 _a[Madrid] :
_bCompañía Europea de Comunicación e Información,
_c1991.
300 _a94 p. ;
_c19 cm.
490 1 _aBiblioteca de El sol
_v41
500 _aIncluye referencias bibliográficas y notas al pie de las páginas
700 1 2 _aRomano, Jacinta
_971888
830 0 _aBiblioteca de El sol ;
_n41
_971889
999 _c43437
_d43437